Tratado de antropología criminal : Estudio clínico y médico - Legal para uso de médicos, juristas y estudiantes /

Guardado en:
Autor Principal: Di Tullio, Benigno
Formato: Libro
Idioma:Spanish
Publicado: Buenos Aires : Instituto Panamericano de Cultura, 1950
Materias:
Etiquetas: Agregar Etiqueta
Sin Etiquetas, Sea el primero en etiquetar este registro!
LEADER 00544nam a22001455a 4500
001 DER.der011198
005 20200305125558.0
008 180615s1950####ag#||||||||||||||#||spa||
082 0 4 |a 364.3  |2 21 
100 1 |a Di Tullio, Benigno 
245 1 0 |a Tratado de antropología criminal :  |b Estudio clínico y médico - Legal para uso de médicos, juristas y estudiantes /  |c Benigno Di Tullio 
260 |a Buenos Aires :  |b Instituto Panamericano de Cultura,  |c 1950 
300 |a 770 p. 
650 7 |a Criminología  |2 SAIJ 
859 |a DERECHO  |b BIB. DERECHO  |h 364.3  |i DIT  |k CRM  |p 006609